All ABBA Songs (2022 updated) - Statistics

General Stats
  • This quiz has been taken 192 times
  • The average score is 140 of 246
Answer Stats
Album Song % Correct
Dancing Queen
84%
Dancing Queen - Live
84%
Ring Ring
82%
Ring Ring - 1974 Remix
82%
Ring Ring (Deluxe Edition) - 1973 Ring Ring - English version
82%
Ring Ring - English Version
82%
Ring Ring - German Version
82%
Ring Ring - Spanish Version
82%
Ring Ring - Swedish Version
82%
Ring Ring - US Remix
82%
Waterloo (Deluxe Edition) - 1974 Waterloo
82%
Waterloo - Alternative Mix
82%
Waterloo - French Version
82%
Waterloo - German Version
82%
Waterloo - Live
82%
Waterloo - Swedish Version
82%
ABBA - 1975 Mamma Mia
79%
Gimme! Gimme! Gimme! (a Man After Midnight)
77%
Gimme! Gimme! Gimme! (A Man After Midnight)
77%
Gimme! Gimme! Gimme! (A Man After Midnight) - Live
77%
The Winner Takes it All
77%
The Winner Takes It All
77%
Fernando
76%
Fernando - Live
76%
Money, Money, Money
76%
Money, Money, Money - Live
76%
Voulez-Vous
76%
Live at Wembley Arena - 2014 Voulez-Vous - Live
76%
Does Your Mother Know
74%
Does Your Mother Know - Live
74%
Super Trouper - 1980 Super Trouper
74%
Take a Chance on Me
74%
Take a Chance on Me - Live
74%
The Name of the Game
74%
Thank You for the Music
73%
Thank You for the Music - Doris Day Mix
73%
Thank You For the Music - Doris Day Remix
73%
Thank You for the Music - Live
73%
Chiquitita
71%
Chiquitita- Live
71%
I Have a Dream
69%
Lay All Your Love on Me
69%
SOS
69%
SOS - Live
69%
Angeleyes
68%
I Have a Dream- Live
68%
Knowing Me, Knowing You
68%
Knowing Me, Knowing You - Live
68%
Our Last Summer
66%
Arrival
65%
Slipping Through my Fingers
65%
Slipping Through My Fingers
65%
Eagle
63%
Eagle - Live
63%
The Album - 1977 Eagle - Long Version
63%
Eagle - Short Version
63%
Honey Honey
63%
Honey, Honey
63%
Honey Honey - Spanish Version
63%
The Visitors (Deluxe Edition) - 1981 The Visitors
63%
Arrival - 1976 When I Kissed the Teacher
63%
I Do, I Do, I Do, I Do, I Do
60%
Why Did it Have to be Me?
60%
Why Did it Have to be me? - Live
60%
Andante, Andante
58%
Voulez-Vous - 1979 As Good As New
58%
As Good As New - Live
58%
One of Us
58%
Happy New Year
56%
My Love, My Life
56%
People Need Love
56%
Summer Night City
56%
Summer Night City - Live
56%
The Name of the Game - Live
56%
Another Town, Another Train
53%
Cassandra
53%
Don't Shut Me Down
53%
The King has Lost his Crown
53%
Dance (While the Music Still Goes on)
52%
Elaine
52%
Hasta Manana
52%
Hasta Manana - Spanish Version
52%
Head Over Heels
52%
Me and I
52%
Bang-A-Boomerang
50%
Happy Hawaii
50%
I Wonder (Departure)
50%
Kisses of Fire
50%
Rock Me
50%
Rock Me - Live
50%
That's Me
50%
The Way Old Friends Do
50%
The Way Old Friends Do - Live
50%
When All is Said and Done
50%
Bumblebee
48%
Hey, Hey Helen
48%
One Man, One Woman
48%
So Long
48%
The Day Before You Came
48%
The Piper
48%
Tiger
48%
Under Attack
48%
Hole in Your Soul
47%
Hole in Your Soul - Live
47%
I'm a Marionette
47%
Voyage - 2021 I Still Have Faith In You
47%
King Kong Song
47%
Disillusion
45%
Just a Notion
45%
Lovelight
45%
Lovers (Live a Little Longer)
45%
Ode to Freedom
45%
On and On and On
45%
Sitting in the Palmtree
45%
Dum Dum Diddle
44%
I Can be That Woman
44%
If it Wasn't for the Night - Live
44%
If it Wasn't for the Nights
44%
Keep an Eye on Dan
44%
Nina, Pretty Ballerina
44%
She's My Kind of Girl
44%
Suzy-Hang-Around
44%
Tropical Loveland
44%
He is Your Brother
42%
I am Just a Girl
42%
I am the City
42%
I Am The City
42%
Intermezzo No. 1
42%
Little Things
42%
Soldiers
42%
When You Danced with me
42%
Crazy World
40%
Intermezzo No. 1 - Live
40%
Like an Angel Passing Through my Room
40%
Like an Angel Passing Through My Room
40%
Move On
40%
What About Living Stone
40%
I've Been Waiting for You
39%
I've Been Waiting For You
39%
Me and Bobby and Bobby's Brother
39%
Rock'N'Roll Band
39%
Two for the Price of One
39%
I Let the Music Speak
37%
Put on Your White Sombrero
37%
Santa Rosa
37%
No Doubt About It
35%
I Saw it in the Mirror
34%
Man in the Middle
34%
My Mama Said
34%
Love Isn't Easy (But It Sure Is Hard Enough)
32%
Love Isn't Easy (but it Sure is Hard Enough)
32%
You Owe Me One
32%
Gonna Sing You My Love song
31%
Merry-Go-Round
29%
Should I Laugh or Cry
29%
Medley: Pick a Bale of Cotton
27%
Watch Out
27%
Dream World
19%
I'm Still Alive - Live
15%
From a Twinkling Star to a Passing Angel
11%
Out Last Summer
6%
Mery-Go-Round
3%
No matching quizzes found
Score Distribution
Percent of People with Each Score
Percentile by Number Answered
Your Score History
You have not taken this quiz